|
|
|
|
| LEADER |
01691nam a2200397 a 4500 |
| 001 |
EBC3375732 |
| 003 |
MiAaPQ |
| 005 |
20200520144314.0 |
| 006 |
m o d | |
| 007 |
cr cn||||||||| |
| 008 |
950726s1995 dcua sb 001 0 eng |
| 010 |
|
|
|z 95032043
|
| 020 |
|
|
|z 0309048834
|
| 035 |
|
|
|a (MiAaPQ)EBC3375732
|
| 035 |
|
|
|a (Au-PeEL)EBL3375732
|
| 035 |
|
|
|a (CaPaEBR)ebr10041152
|
| 035 |
|
|
|a (OCoLC)923258418
|
| 040 |
|
|
|a MiAaPQ
|c MiAaPQ
|d MiAaPQ
|
| 050 |
|
4 |
|a HG181
|b .K42 1995
|
| 082 |
0 |
4 |
|a 332.1/0973
|2 20
|
| 100 |
1 |
|
|a Kester, Anne Y.
|
| 245 |
1 |
0 |
|a Following the money
|h [electronic resource] :
|b U.S. finance in the world economy /
|c Anne Y. Kester and Panel on International Capital Transactions, Committee on National Statistics, Commission on Behavioral and Social Sciences and Education, National Research Council.
|
| 246 |
3 |
0 |
|a U.S. finance in the world economy
|
| 246 |
3 |
|
|a US finance in the world economy
|
| 246 |
3 |
|
|a United States finance in the world economy
|
| 260 |
|
|
|a Washington, D.C. :
|b National Academy Press,
|c 1995.
|
| 300 |
|
|
|a ix, 214 p. :
|b ill.
|
| 504 |
|
|
|a Includes bibliographical references (p. 186-198) and index.
|
| 533 |
|
|
|a Electronic reproduction. Ann Arbor, MI : ProQuest, 2015. Available via World Wide Web. Access may be limited to ProQuest affiliated libraries.
|
| 650 |
|
0 |
|a Financial services industry
|z United States.
|
| 650 |
|
0 |
|a Capital movements
|x Data processing.
|
| 650 |
|
0 |
|a Automatic data collection systems.
|
| 653 |
0 |
|
|a Capital transactions
|
| 655 |
|
4 |
|a Electronic books.
|
| 710 |
2 |
|
|a ProQuest (Firm)
|
| 856 |
4 |
0 |
|u https://ebookcentral.proquest.com/lib/matrademy/detail.action?docID=3375732
|z Click to View
|